000 00819cab a2200193 4500
001 WB2611-24
008 090401t1990 xxu||||| |||| 00| 0 eng d
035 _a(Sirsi) u9749
041 _aeng
245 _aUBR and hefty rent reviews
260 _c1990
350 _a0
490 _aHerring Son & Daw Press Release
_v9 March 1990 3 pages
520 _aFor those about to suffer under higher rates, because of the uniform business rate , coupled with early rent reviews , Herring Son and Daw offer hope, believing that rent reviews should be based on the full cost of the rates and disregard phasing benefits, since rent review clauses normally assume vacant possession when phasing arrangements would not apply.
650 _aRATING
690 _aPROPERTY-LANDLORD AND TENANT
942 _n0
948 _c04/03/1997
999 _c6130
_d6130